RAMESHWAR SHUKLA ANCHAL KE KHAND KAVYA ME AADHUNIK CHINTAN (Record no. 9271)

MARC details
000 -LEADER
fixed length control field 00402nam a2200157Ia 4500
008 - FIXED-LENGTH DATA ELEMENTS--GENERAL INFORMATION
fixed length control field 220612s9999 xx 000 0 und d
020 ## - INTERNATIONAL STANDARD BOOK NUMBER
International Standard Book Number 9788188681440
082 ## - DEWEY DECIMAL CLASSIFICATION NUMBER
Item number RAN
041 ## - LANGUAGE CODE
Language code of text/sound track or separate title HINDI
100 ## - MAIN ENTRY--PERSONAL NAME
Personal name RANI, CHHAYA
245 #0 - TITLE STATEMENT
Title RAMESHWAR SHUKLA ANCHAL KE KHAND KAVYA ME AADHUNIK CHINTAN
260 ## - PUBLICATION, DISTRIBUTION, ETC.
Name of publisher, distributor, etc. SHALABU PUBLISHING HOUSE, MEERUT
Date of publication, distribution, etc. 2013
300 ## - PHYSICAL DESCRIPTION
Extent 384
650 ## - SUBJECT ADDED ENTRY--TOPICAL TERM
Topical term or geographic name entry element Education
942 ## - ADDED ENTRY ELEMENTS (KOHA)
Koha item type Book
Holdings
Withdrawn status Lost status Damaged status Not for loan Home library Current library Shelving location Date acquired Cost, normal purchase price Total Checkouts Barcode Date last seen Price effective from Koha item type
        Mewar University Central Library Mewar University Central Library Education 12/10/2020 384.00   E6634 12/06/2022 12/10/2020 Book